000 01037nam a22002777a 4500
001 4960
003 FISKH
005 20241028152436.0
008 241028b cb ||||| |||| 00| 0 eng d
020 _a9780531259818
040 _aFISKH
_beng
_cFISKH
_dFISKH
050 _aF1435.S67
082 _a972.6
100 _aSomervill, Barbara A.
245 _aAncient Maya :
_bThe Ancient World /
_cby Barbara A. Somervill
260 _aNew York :
_bChildren's Press ;
_c2013.
300 _a112 pages :
_bcolor illustrations , maps ;
_c24 cm .
490 _aThe Ancient World
505 _aZ
520 _aTake a journey back in time to witness the development of history's greatest civilizations! Engaging text and eye-catching images teach you about history, culture, and daily life of each civilization and show you how each civilization continues to affect our world today!
521 8 _a1040
_bLexile
521 8 _aZ
_bRaz-Plus
650 _aMayas
_vJuvenile Literature
942 _2ddc
_cBK
_n0
999 _c4960
_d4960